The Seven Seas - Statistics

General Stats
  • This quiz has been taken 501 times
  • The average score is 4 of 7
Answer Stats
Answer % Correct
Indian Ocean
94%
Arctic Ocean
66%
Southern (or Antarctic) Ocean
59%
North Atlantic Ocean
41%
South Atlantic Ocean
39%
North Pacific Ocean
38%
South Pacific Ocean
38%
No matching quizzes found
Score Distribution
Percent of People with Each Score
Percentile by Number Answered
Your Score History
You have not taken this quiz